书目信息 |
| 书名: | Shook over hell | |
| 作者: | Eric T. Dean, Jr | |
| 分册号: | ||
| 分册名: | 出版地: | Cambridge, Mass. : |
|
| 出版社: | Harvard University Press | |
| 出版时间: | 1997. | |
| 页数: | xi, 315 p., [18] p. of plates : | |
| 开本: | 25 cm. | |
| 丛书名: | ||
| 中图分类号: | ||
| 科图分类号: | ||
| 其他分类号: | R749 | |
| 主题词: | ||
| 电子资源: | ||
| 000 | 01239nam 2200337 a 4500 | |
| 001 | E0739344682 | |
| 003 | DLC | |
| 005 | 20070513110145.10 | |
| 008 | 001 0 eng | |
| 008 | uu | |
| 010 | @a97009737 | |
| 020 | @a0674806514 (alk. paper). | |
| 040 | @aDLC @cDLC @dDLC | |
| 043 | @an-us--- | |
| 049 | @aN5LA | |
| 050 | 00 | @aRC552.P67 @bD434 1997 |
| 082 | 00 | @a616.85/212 @221 |
| 090 | @a2-98/R749.92/-097.12/D28/////1231653 | |
| 090 | @aR749 | |
| 096 | @aR749.92-097.12 @v3 | |
| 099 | @dR749@ex61 | |
| 100 | 1 | @aDean, Eric T. |
| 245 | 10 | @aShook over hell :@bpost-traumatic stress, Vietnam, and the Civil War / @cEric T. Dean, Jr |
| 260 | @aCambridge, Mass. :@bHarvard University Press,@c1997. | |
| 300 | @axi, 315 p., [18] p. of plates :@bill. ;@c25 cm. | |
| 500 | @aRevision of the author's thesis. | |
| 504 | @aIncludes bibliographical references (p. [237]-310) and index. | |
| 650 | 0 | @aVietnamese Conflict, 1961-1975 @xVeterans @xMental health. @b00 @c20020930 @lNLC09 @h2253 @lNLC09 @h0020 @lNLC09 @h2014 |
| 650 | 0 | @aPost-traumatic stress disorder. |
| 651 | 0 | @aUnited States @xHistory @yCivil War, 1861-1865 @xVeterans @xMental health. |
| 852 | 9 | @bWWJC @k2-98 @hR749.92-097.12 @iD28 @cJ09 |
| Shook over hell : : post-traumatic stress, Vietnam, and the Civil War / / Eric T. Dean, Jr.-Cambridge, Mass. : : Harvard University Press, , 1997. |
| xi, 315 p., [18] p. of plates : : ill. ; ; 25 cm. |
| Revision of the author's thesis.-Includes bibliographical references (p. [237]-310) and index. |
| ISBN 0674806514 (alk. paper). |
| ● |
| 相关链接 |
|
|
|
|
正题名:Shook over hell
索取号:R749/x61
 
预约/预借
| 序号 | 登录号 | 条形码 | 馆藏地/架位号 | 状态 | 备注 |
| 1 | 0008694 | 300086948 | 第二样本阅览室/ [索取号:R749/x61] | 在馆 |